El hombre ante la asamblea / (Record no. 75082)

MARC details
000 -LEADER
campo de control de longitud fija 01137nam a2200277 i 4500
001 - NÚMERO DE CONTROL
campo de control 75082
003 - IDENTIFICADOR DE NÚMERO DE CONTROL
campo de control ES-MaACL
005 - FECHA Y HORA DE LA ÚLTIMA TRANSACCIÓN
campo de control 20250812062523.0
007 - CAMPO FIJO DE DESCRIPCIÓN FÍSICA--INFORMACIÓN GENERAL
campo de control de longitud fija t|
008 - DATOS DE LONGITUD FIJA--INFORMACIÓN GENERAL
campo de control de longitud fija 040922s1960 sp 00110 spa d
080 ## - NÚMERO DE LA CLASIFICACIÓN DECIMAL UNIVERSAL
Número de la Clasificación Decimal Universal 32(04)
100 1# - ENTRADA PRINCIPAL--NOMBRE DE PERSONA
Nombre de persona Kendall, Willmoore.
9 (RLIN) 67826
245 13 - MENCIÓN DEL TÍTULO
Título El hombre ante la asamblea /
Mención de responsabilidad, etc. Willmoore Kendall.
260 ## - PUBLICACIÓN, DISTRIBUCIÓN, ETC.
Lugar de publicación, distribución, etc. Madrid :
Nombre del editor, distribuidor, etc. Ateneo :
-- Editora Nacional,
Fecha de publicación, distribución, etc. 1960 (
Fabricante Gráf. Benzal)
300 ## - DESCRIPCIÓN FÍSICA
Extensión 37 p. ;
Dimensiones 19 cm.
490 1# - MENCIÓN DE SERIE
Mención de serie Colección "O Crece o Muere" ;
Designación de volumen o secuencia 148
505 0# - NOTA DE CONTENIDO CON FORMATO
Nota de contenido con formato Sócrates: un símbolo ; La doctrina del "Critón" ; Libertad de palabra ; Sócrates ante la Asamblea
594 ## - Nota al título y mención de responsabilidad
Nota al título y mención de responsabilidad Este trabajo fue dado a conocer por su autor en la conferencia pronunciada en el Ateneo de Madrid el día 13 de enero de 1960, en el curso "El hombre y la sociedad de masas"
600 04 - PUNTO DE ACCESO ADICIONAL DE MATERIA--NOMBRE DE PERSONA
Nombre de persona Sócrates-
Subdivisión general Crítica e interpretación.
9 (RLIN) 107014
610 24 - PUNTO DE ACCESO ADICIONAL DE MATERIA--NOMBRE DE ENTIDAD CORPORATIVA
Nombre de entidad corporativa o nombre de jurisdicción como elemento de entrada Ateneo de Madrid-
Subdivisión de forma Conferencias-
Subdivisión cronológica 1940-1982.
9 (RLIN) 1908
650 #4 - PUNTO DE ACCESO ADICIONAL DE MATERIA--TÉRMINO DE MATERIA
Término de materia o nombre geográfico como elemento de entrada Política-
Subdivisión general Filosofía
9 (RLIN) 16274
710 2# - ENTRADA AGREGADA--NOMBRE DE ENTIDAD CORPORATIVA
Nombre de entidad corporativa o nombre de jurisdicción como elemento de entrada Ateneo de Madrid.
9 (RLIN) 1875
830 10 - PUNTO DE ACCESO ADICIONAL DE SERIE-TÍTULO UNIFORME
Título uniforme Colección "O crece o muere"
Designación de volumen o secuencia 148
9 (RLIN) 183476
852 4# - LOCALIZACIÓN
Ubicación ES-MaACL
Número de control de estantería J-24(148)
Holdings
Estatus retirado Estado de pérdida Estado de daño No para préstamo Colección Biblioteca de origen Biblioteca actual Ubicación en estantería Fecha de adquisición Fuente de adquisición Total de préstamos Signatura topográfica completa Código de barras Visto por última vez Precio de reemplazo Tipo de ítem Koha
        Fondo Ateneo de Madrid Biblioteca del Ateneo de Madrid Biblioteca del Ateneo de Madrid Depósito 2 14/06/2021     J-24(148) 1202581 23/02/2023 23/02/2023 Libro impreso